| 000 | 00633nam a2200181Ia 4500 | ||
|---|---|---|---|
| 003 | IN-BaIIA | ||
| 008 | 211028s9999 xx 000 0 eng d | ||
| 040 | _cIIA Library | ||
| 080 |
_a083:51 _bCHA |
||
| 245 | 0 |
_aChamber's seven-figure mathematical tables _bconsisting of logarithms of numbers 1 to 100,000 trigonometrical and other tables _ccompiled by James Pryde |
|
| 260 |
_aBombay _bAllied Publishers |
||
| 300 | _axxv, 312p. | ||
| 650 |
_a Tables (Data) _98549 |
||
| 650 |
_a Tables (Mathematical data) _98550 |
||
| 650 |
_aAstronomy and astrophysics thesaurus _91143 |
||
| 700 |
_aPryde, James., comp. _98551 |
||
| 942 | _cBK | ||
| 999 |
_c4804 _d4804 |
||